Tilastot visalle Euroopan 10 pohjoisinta pääkaupunkia

Klikkaa tästä pelataksesi tätä visaa!

Yleistilastot

  • Tätä visaa on pelattu 898 kertaa
  • Keskiarvotulos 9 / 10

Vastaustilastot

LeveyspiiriPääkaupunki% Oikein
60°17'NHelsinki
99%
59°95'NOslo
99%
63°14'NReykjavík
98%
59.32'NTukholma
97%
59°43'NTallinna
91%
55°67'NKööpenhamina
89%
55°75'NMoskova
85%
56°93'NRiika
83%
54°68'NVilna
79%
53°54'NMinsk
57%

Tulosjakauma

Persentiili vastausten määrän mukaan

Jokaisen tuloksen saaneiden osuus

Tuloshistoriasi

Et ole pelannut tätä visaa